Top 5 Countries by Religion (Total Number) - Statistics

General Stats
  • This quiz has been taken 68 times
  • The average score is 28 of 30
Answer Stats
Hint Continent Answer % Correct
175.7 million Americas Brazil
98%
244.1 million Asia China
98%
700.7 million Asia China
98%
200 million Asia India
98%
1.05 billion Asia India
98%
246.8 million Americas United States of America
98%
5.7 million Americas United States of America
98%
51 million Americas United States of America
98%
7.3 million Asia Israel
96%
107.8 million Americas Mexico
96%
233 million Asia Pakistan
96%
5.2 million Asia Pakistan
96%
105.2 million Europe Russia
96%
23.2 million Europe Russia
96%
242.7 million Asia Indonesia
95%
4.7 million Asia Indonesia
95%
64.4 million Asia Thailand
95%
393,000 Americas Canada
93%
440,000 Europe France
93%
45.8 million Asia Japan
93%
72.1 million Asia Japan
93%
292,000 Europe United Kingdom
93%
14.9 million Asia Vietnam
89%
26 million Asia Vietnam
89%
38.4 million Asia Myanmar
84%
23.7 million Asia Nepal
84%
95 million Africa Nigeria
84%
150.8 million Asia Bangladesh
82%
14.3 million Asia Bangladesh
82%
86.8 million Asia Philippines
82%
No matching quizzes found
Score Distribution
Percent of People with Each Score
Percentile by Number Answered
Your Score History
You have not taken this quiz